|
|
|
|
| LEADER |
00000nab a2200000 a 4500 |
| 001 |
vtls000385421 |
| 003 |
SK-MaSNL |
| 005 |
20260302222846.0 |
| 008 |
160201c1989 xo 0 cze |
| 015 |
|
|
|a SNBRA19rr/mm-uuuuu
|
| 035 |
|
|
|a CL0385544
|
| 040 |
|
|
|a SNKBUCL
|b slo
|c SNKBUCL
|e AACR2
|
| 041 |
0 |
|
|a cze
|
| 044 |
|
|
|a xo
|c SK
|
| 080 |
|
|
|a 629.114.4:658.511:681.3
|2 1981
|
| 080 |
|
|
|a 658.511
|2 1981
|
| 080 |
|
|
|a 681.3
|2 1981
|
| 100 |
1 |
|
|a Šmíd, Gustáv
|4 aut
|9 951583
|
| 245 |
1 |
0 |
|a Interaktivní evidence sledování výroby
|c Gustáv Šmíd
|
| 650 |
0 |
7 |
|a nákladné automobily
|2 snkbucl
|9 17411
|
| 650 |
0 |
7 |
|a evidencia výroby
|2 snkbucl
|9 951584
|
| 650 |
0 |
7 |
|a Avia, k.p., Praha-Letňany
|2 snkbucl
|9 951585
|
| 651 |
|
7 |
|a 3100
|2 snkbucl
|9 920766
|
| 655 |
|
7 |
|a články zo zborníkov
|2 snkbucl
|9 166140
|
| 773 |
0 |
|
|t Automatizácia v automobilovom priemysle
|d Bratislava : Dom techniky ČSVTS, 1989
|
| 850 |
|
|
|a Slovenská národná knižnica v Martine
|a MTA001
|
| 852 |
|
|
|a SNK
|b KIS3GCP
|
| 958 |
|
|
|a RK
|
| 958 |
|
|
|a CZ
|
| 992 |
|
|
|a RZB
|
| 999 |
|
|
|c 1518321
|d 1520251
|